000 00561nam a2200157 a 4500
001 000041718
005 20201002035721.0
008 131016s1997 sp a 001 0 spa d
020 _a8422671581
040 _aDO-SdBNP
_bspa
_cBNPHU
100 1 _aStewart, Robert
_968543
245 1 0 _aIdeas que transformaron el mundo :
_buna guía para comprender los grandes conceptos en arte, filosofía, política, ciencia y humanidades /
_cRobert Stewart.
260 _aBarcelona :
_bCirculo de lectores,
_c1997.
300 _a224 p. :
_bil. ;
_c30.
500 _aIncluye índice
999 _c41207
_d41207